Country by city #1 - Statistics

General Stats
  • This quiz has been taken 21 times
  • The average score is 24 of 40
Answer Stats
Hint Answer % Correct
Versailles France
100%
Louisville United States of America
95%
Nancy France
85%
Bengalore India
85%
Lahore Pakistan
85%
Cadiz Spain
85%
Split Croatia
80%
Galway Ireland
80%
Vicenza Italy
80%
Rabat Morocco
80%
Nicosia Cyprus
75%
Mosul Iraq
75%
Almaty Kazakhstan
75%
Puebla Mexico
75%
Phuket Thailand
75%
Cali Colombia
70%
Kitakyushu Japan
70%
Amman Jordan
70%
Savannah United States of America
70%
Guayaquil Ecuador
65%
Erfurt Germany
65%
Mombasa Kenya
65%
Sunshine Beach Australia
60%
Regina Canada
60%
Abuja Nigeria
60%
Udine Italy
55%
Surabaya Indonesia
50%
Shiraz Iran
50%
Penang Malaysia
50%
Freetown Sierra Leone
50%
Bursa Turkey
50%
Oran Algeria
45%
Badajoz Spain
40%
Batumi Georgia
35%
Ioannina Greece
30%
Herat Afghanistan
25%
Bengbu China
25%
Hatay Turkey
25%
Nara Japan
20%
Bakhmut Ukraine
5%
No matching quizzes found
Score Distribution
Percent of People with Each Score
Percentile by Number Answered
Your Score History
You have not taken this quiz